Las 25 provincias españolas más pequeñas - ¡Muerte súbita! - Estadísticas

Estadísticas generales
  • Esta prueba ha sido intentada 4.682 veces
  • La puntuación promedio es 7 de 25
Answers on the Grid
Answers color-coded by a green-red scale on the quiz's grid according to % correct below.
A Coruña
Araba/Álava
Albacete
Alacant/Alicante
Almería
Asturias
Ávila
Badajoz
Barcelona
Bizkaia
Burgos
Cáceres
Cádiz
Cantabria
Castelló/Castellón
Ciudad Real
Córdoba
Cuenca
Girona
Granada
Guadalajara
Gipuzkoa
Huelva
Huesca
Illes Balears
Jaén
La Rioja
Las Palmas
León
Lleida
Lugo
Madrid
Málaga
Murcia
Navarra
Ourense
Palencia
Pontevedra
Salamanca
Santa Cruz de Tenerife
Segovia
Sevilla
Soria
Tarragona
Teruel
Toledo
Valencia
Valladolid
Zamora
Zaragoza
 
Estadísticas de respuestas
Respuesta % Correcto
Araba/Álava
71%
Bizkaia
64%
Gipuzkoa
50%
La Rioja
42%
Illes Balears
35%
Santa Cruz de Tenerife
35%
Ávila
34%
Las Palmas
34%
A Coruña
33%
Cantabria
28%
Cádiz
26%
Girona
24%
Pontevedra
22%
Alacant/Alicante
21%
Ourense
21%
Castelló/Castellón
18%
Lugo
17%
Segovia
14%
Almería
13%
Madrid
12%
Barcelona
11%
Málaga
11%
Tarragona
11%
Palencia
8%
Valladolid
7%
No se encontraron pruebas coincidentes
Distribución de puntuación
Porcentaje de gente con cada puntuación
Porcentaje por número respondido
Historial de tus puntuaciones
No has intentado esta prueba.